MDQL
is popping MORE tags! Check the
thread
!
Quizzes
Events
Quiz Creation
Community
Videos
Private Events
Remove Ads
Sign In
Join for FREE
Feedback
Dark Mode
Quiz Categories
Sports
Geography
Music
Movies
Television
Just For Fun
Miscellaneous
History
Literature
Language
Science
Gaming
Entertainment
Religion
Holiday
For Kids
Quiz Lab
Recent
Popular Today
Quiz Kudos Today
Editor Picks
Curator Picks
Quizzes by...
Day
Popularity
Type
Ratings
Length
Year
Community
Subscriptions
Recent Discussions
Orange Saloon
Badges
Playlists
Quests
Create
Leaderboards
Showdown
Live 5
Trivia Bingo
Activity
Puzzle Library
Sporcle Events
Private Events
Virtual Trivia
Globe League
Become a Host
Pub Owners
SporcleCon
Opinionation
Our Games
Videos
Blog
Mobile Apps
Partnerships
Remove Ads and Go Orange
Feedback
Entertainment
Celebrity
Famous
Musical
Broadway
Show
Quote
Comic Books
Anime
Superhero
DC Comics
Marvel
Cartoons
Animation
Entertainment
Celebrity
Famous
Musical
Broadway
Show
Quote
Comic Books
Anime
Superhero
DC Comics
Marvel
Cartoons
Animation
Random Quiz
Search Sporcle
×
Quiz Lab
Quiz Lab
Entertainment
WWE
Type in answers that appear in a list
Type in answers that appear in a list
Classic
Best Score? Go Orange.
CM Punk's WWE PPV Opponents Stats
Can you name the WWE PPV Opponents Of CM Punk?
By
SporcleEXP
20m
140 Questions
296 Plays
296 Plays
296 Plays
Comments
Comments
Give Quiz Kudos
Give Quiz Kudos
-
- Ratings
hide this ad
Replay
Link that replays current quiz
Next Quiz
Link to next quiz in quiz playlist
You Got
0%
They Got
Avg Score
80%
Avg Friend Score
Upgrade to see
Score Distribution
Jump to the score distribution portion of the page
Score
0/140
Timer
20:00
0
Plays Today
PPV
Opponent
% Correct
Elimination Chamber 2011
John Cena
95.6%
Money In The Bank 2011
John Cena
95.6%
Summerslam 2011
John Cena
95.6%
Hell In A Cell 2011
John Cena
95.6%
Summerslam 2012
John Cena
94.9%
Night Of Champions 2012
John Cena
94.8%
Survivor Series 2006
Edge
94.6%
Wrestlemania 23
Edge
94.6%
Bragging Rights 2010
Edge
94.6%
Royal Rumble 2010
Edge
94.3%
Wrestlemania 25
Kane
93.9%
Backlash 2009
Kane
93.9%
Over The Limit 2011
Kane
93.9%
Royal Rumble 2009
Randy Orton
93.6%
No Way Out 2012
Kane
93.3%
Survivor Series 2006
Randy Orton
93.2%
Wrestlemania 23
Randy Orton
93.2%
Survivor Series 2008
Randy Orton
93.2%
Elimination Chamber 2011
Randy Orton
93.2%
Wrestlemania 27
Randy Orton
93.2%
Extreme Rules 2011
Randy Orton
93.2%
Breaking Point 2009
The Undertaker
92.6%
Hell In A Cell 2009
The Undertaker
92.6%
Bragging Rights 2009
The Undertaker
92.6%
Elimination Chamber 2010
The Undertaker
92.6%
December To Dismember
Big Show
92.2%
One Night Stand 2008
Big Show
92.2%
Fatal 4 Way 2010
The Big Show
92.2%
Summerslam 2010
The Big Show
92.2%
Night Of Champions 2010
The Big Show
92.2%
Bragging Rights 2010
The Big Show
92.2%
Over The Limit 2011
The Big Show
92.2%
Night Of Champions 2011
Triple H
92.2%
Summerslam 2012
The Big Show
91.3%
Cyber Sunday 2007
The Miz
90.9%
Survivor Series 2007
The Miz
90.9%
Royal Rumble 2008
John Cena
90.9%
Judgment Day 2008
The Miz
90.9%
Vengeance 2011
The Miz
90.9%
TLC 2011
The Miz
90.9%
Elimination Chamber 2012
The Miz
90.9%
Royal Rumble 2007
The Undertaker
90.2%
Wrestlemania 24
Chris Jericho
90.2%
Elimination Chamber 2010
Chris Jericho
90.2%
Elimination Chamber 2012
Chris Jericho
90.2%
Wrestlemania 28
Chris Jericho
90.2%
Extreme Rules 2012
Chris Jericho
90.2%
PPV
Opponent
% Correct
Wrestlemania 23
Jeff Hardy
89.5%
The Bash 2009
Jeff Hardy
89.5%
Night Of Champions 2009
Jeff Hardy
89.5%
Summerslam 2009
Jeff Hardy
89.5%
Extreme Rules 2009
Jeff Hardy
89.5%
Wrestlemania 23
Matt Hardy
88.9%
Over The Limit 2012
Daniel Bryan
88.2%
No Way Out 2012
Daniel Bryan
88.2%
Money In The Bank 2012
Daniel Bryan
88.2%
Royal Rumble 2011
Alberto Del Rio
88.2%
Survivor Series 2006
Johnny Nitro
87.8%
Night Of Champions 2007
Johnny Nitro
87.8%
The Great American Bash 2007
Johnny Nitro
87.8%
Summerslam 2007
Johnny Nitro
87.8%
Survivor Series 2007
Johnny Nitro
87.8%
Wrestlemania 24
Johnny Nitro
87.8%
Judgment Day 2008
Johnny Nitro
87.8%
One Night Stand 2008
Johnny Nitro
87.8%
Armageddon 2008
Rey Mysterio
87.8%
Bragging Rights 2009
Rey Mysterio
87.8%
Elimination Chamber 2010
Johnny Nitro
87.8%
Elimination Chamber 2010
Rey Mysterio
87.8%
Wrestlemania 26
Rey Mysterio
87.8%
Extreme Rules 2010
Rey Mysterio
87.8%
Over The Limit 2010
Rey Mysterio
87.8%
Fatal 4 Way 2010
Rey Mysterio
87.8%
Bragging Rights 2010
Rey Mysterio
87.8%
Capitol Punishment 2011
Rey Mysterio
87.8%
Bragging Rights 2010
Alberto Del Rio
87.5%
Summerslam 2011
Alberto Del Rio
87.5%
Hell In A Cell 2011
Alberto Del Rio
87.5%
Survivor Series 2011
Alberto Del Rio
87.5%
TLC 2011
Alberto Del Rio
87.5%
Elimination Chamber 2011
Johnny Nitro
87.2%
Wrestlemania 25
Kofi Kingston
83.4%
Survivor Series 2009
Kofi Kingston
83.4%
Bragging Rights 2010
Kofi Kingston
83.4%
Elimination Chamber 2012
Kofi Kingston
83.4%
Royal Rumble 2012
Dolph Ziggler
83.1%
Elimination Chamber 2012
Dolph Ziggler
83.1%
Hell In A Cell 2012
Ryback
83.1%
Survivor Series 2012
Ryback
82.8%
Wrestlemania 25
Christian
82.1%
Survivor Series 2009
Christian
82.1%
Survivor Series 2009
R-Truth
78.7%
Elimination Chamber 2010
R-Truth
78.7%
Elimination Chamber 2011
R-Truth
78.7%
PPV
Opponent
% Correct
Vengeance 2011
R-Truth
78.7%
Elimination Chamber 2012
R-Truth
78.7%
Armageddon 2007
Mark Henry
77.4%
Survivor Series 2008
Mark Henry
77.4%
Wrestlemania 25
Mark Henry
77.4%
Survivor Series 2009
Mark Henry
77.4%
December To Dismember
Rob Van Dam
77%
Elimination Chamber 2011
Sheamus
76.4%
Wrestlemania 24
Shelton Benjamin
74.3%
The Great American Bash 2008
Batista
74.3%
Survivor Series 2008
Shelton Benjamin
74.3%
Wrestlemania 25
Shelton Benjamin
74.3%
Bragging Rights 2009
Batista
74.3%
December To Dismember
Bobby Lashley
72.6%
Fatal 4 Way 2010
Jack Swagger
72.6%
Bragging Rights 2010
Jack Swagger
72.6%
Wrestlemania 23
Finlay
70.6%
Wrestlemania 25
Finlay
70.6%
Wrestlemania 24
MVP
69.6%
Wrestlemania 25
MVP
69.6%
Survivor Series 2009
MVP
69.6%
Wrestlemania 23
Mr Kennedy
69.3%
Wrestlemania 24
Mr Kennedy
69.3%
Survivor Series 2008
Cody Rhodes
68.9%
Judgment Day 2009
Umaga
66.2%
Extreme Rules 2009
Umaga
66.2%
One Night Stand 2008
Tommy Dreamer
64.5%
Summerslam 2008
JBL
63.5%
Wrestlemania 23
King Booker
62.8%
December To Dismember
Hardcore Holly
61.1%
No Way Out 2008
Chavo Guerrero
61.1%
December To Dismember
Test
60.5%
Wrestlemania 24
Carlito
60.1%
Survivor Series 2006
Mike Knox
59.5%
One Night Stand 2008
Chavo Guerrero
59.1%
Survivor Series 2008
William Regal
55.4%
No Mercy 2007
Big Daddy V
51.7%
Armageddon 2007
Big Daddy V
51.7%
Judgment Day 2007
Elijah Burke
51.4%
One Night Stand 2007
Elijah Burke
51.4%
Unforgiven 2007
Elijah Burke
51.4%
Survivor Series 2006
Gregory Helms
46.3%
Survivor Series 2012
John Cena
43.9%
One Night Stand 2007
Matt Striker
41.9%
One Night Stand 2007
Marcus Cor Von
38.2%
Bragging Rights 2010
Tyler Reks
36.1%
Quiz Playlist
Details
Report
Send in Message
Add To Playlist
Classic:
Type in answers that appear in a list
Last Updated: Feb 16, 2017
Quiz Scoreboard
CHALLENGE
Sign Up to Join the Scoreboard
Show All
Scores
Hide
Comments
May contain spoilers
Recently Published
Colored Red Africa Blitz
by spor1
Geography
30s
Find the 'City' Movie
by crazypaving
Movies
60s
5x2 Blitz: Bands
by SL_Kpop136
Music
30s
More to Explore
Quiz From the Vault
Featured Blog Post
14 Easter Pick-up Lines to Find Eggs With
hide this ad
You Might Also Like...
Tags
WWE Quiz
CM Punk
opponent
PPV
PPV Opponents
punk
Today's Top Quizzes in Entertainment
Browse Entertainment
hide this ad
Today's Top Quizzes in WWE
Browse WWE
Top Contributed Quizzes in Entertainment
1
Dragon Ball Z: Goku's Fights in Order
2
Celebrity Spelling Bee
3
Fairy Tail 12-1
4
Marvel Characters Bunker
5
X-Men: 10 to 1
6
'Dear Evan Hansen' Start to Finish
7
Click the 'C' Cartoon Characters II
8
Homestuck Ship Identification (Part 1)
9
How well do you know BTS?
10
Obscure Knowledge - 7 Dirty Words
Explore More
Trending Topics
Harry Potter
NBA
Crossword
Disney
Marvel
Anime
Kpop
Pokémon
NFL
Country
WWE
The Office
Puzzle
Soccer
Song
hide this ad
More By:
SporcleEXP
Quiz
Plays
Rating
Category
Featured
Created
Harry Potter Deaths in Order Minefield
3,068,749
4.18
Literature
Jan 27, 2016
Sins, Dwarfs, and Spice Girls
847,308
4.42
Just For Fun
Apr 11, 2012
Ancient History Bunker
708,278
4.28
History
Jan 20, 2014
Movie Posters VI
679,077
4.37
Movies
Nov 12, 2010
Movie Posters VII
621,898
4.44
Movies
Apr 16, 2011
Go to Creator's Profile
Score Distribution
Quiz Creator Spotlight
SporcleEXP
Follow
Send a Message
Quizzes Created
-
Created Quiz Play Count
-
More By This Creator
Popular Quizzes Today
1
5x2 Blitz: Bands
2
Find the 'City' Movie
3
Colored Red Africa Blitz
4
Find the US States - No Outlines Minefield
5
The Countries of the World
6
Find the US States
7
9x9 Crossword: Cartoon Network
8
US States
More Entertainment Quizzes
🎵 Anime by Music Box Clips
Quiz Lab
Trending Quizzes
Colored Red Africa Blitz II
Colored Red Europe Blitz I
Christmas Pick: Judaism
Colored Red Africa Blitz III
Colored Red Europe Blitz II
Recently Updated
Champions League XIs: Real Madrid
pecheneg
Largest US Cities 1790-2010
pecheneg
Rides in Walt Disney World
pecheneg
Most Oscar Losses (Acting)
pecheneg
Beyoncé Albums
pecheneg
Leaping Animals
pecheneg
Reality TV Shows (A-Z)
bhenderson79
Rickey Henderson's Hall of Fame Teammates
pecheneg
Champions League XIs: Arsenal
pecheneg
Quick Pick: Celebrities in WWE's Hall of Fame
aduchscher
Trending Topics
Anime
Crossword
Harry Potter
Disney
Kpop
Marvel
NBA
Song
Country
Soccer
The Office
NFL
WWE
Pokémon
Puzzle
Your Account Isn't Verified!
In order to create a playlist on Sporcle, you need to verify the email address you used during registration. Go to your
Sporcle Settings
to finish the process.
Report this User
Report this user for behavior that violates our
Community Guidelines
.
Details:
Send Report
Go to the Sporcle.com Mobile Site →
Comments